书目信息 |
| 题名: |
中国城市及城际轨道发展与规划交通
|
|
| 作者: | 郭文龙 著 | |
| 分册: | ||
| 出版信息: | 北京 中国铁道出版社 2006.09 |
|
| 页数: | 429页 | |
| 开本: | 26cm | |
| 丛书名: | ||
| 单 册: | ||
| 中图分类: | U239.5 | |
| 科图分类: | ||
| 主题词: | 铁路--特种 | |
| 电子资源: | ||
| ISBN: | 978-7-113-07452-4 | |
| 000 | 00641nam0 2200193 450 | |
| 001 | 1259061647 | |
| 005 | 20120417162853.96 | |
| 010 | @a978-7-113-07452-4@dCNY60.00 | |
| 100 | @a20120417d2006 km y0chiy0120 ea | |
| 101 | 0 | @achi |
| 102 | @aCN@b110000 | |
| 200 | 1 | @a中国城市及城际轨道发展与规划交通@Azhong guo cheng shi ji cheng ji gui dao fa zhan yu gui hua jiao tong@f郭文龙等著@Fguo wen long deng zhu |
| 210 | @a北京@c中国铁道出版社@d2006.09 | |
| 215 | @a429页@d26cm | |
| 606 | 0 | @a铁路@x特种 |
| 690 | @aU239.5@v4 | |
| 701 | 0 | @a郭文龙@Aguo wen long@4著 |
| 801 | 0 | @aCN@b大连网信软件有限公司图书馆·11@c20120417 |
| 905 | @aZUCC@dU239.5@eG843 | |
| 中国城市及城际轨道发展与规划交通/郭文龙等著.-北京:中国铁道出版社,2006.09 |
| 429页;26cm |
| ISBN 978-7-113-07452-4:CNY60.00 |
| ● |
| 相关链接 |
|
|
|
正题名:中国城市及城际轨道发展与规划交通
索取号:U239.5/G843
 
预约/预借
| 序号 | 登录号 | 条形码 | 馆藏地/架位号 | 状态 | 备注 |
| 1 | 485196 | 204851963 | 土木与交通工程学院资料室/ [索取号:U239.5/G843] | 在馆 |